Countries With Territory in More Than One Continent - Statistics

General Stats
  • This quiz has been taken 92 times
    64 since last reset
  • The average score is 5 of 9
Answer Stats
Answer % Correct
Russia
88%
United States
81%
Turkey
71%
Spain
66%
Indonesia
58%
Egypt
56%
Portugal
32%
Italy
31%
Chile
17%
No matching quizzes found
Score Distribution
Percent of People with Each Score
Percentile by Number Answered
Your Score History
You have not taken this quiz since the last reset